Equipos que particparon en Top 12 de la URBA 2017 - Estadísticas

Estadísticas generales
  • Esta prueba ha sido intentada 20 veces
  • La puntuación promedio es 10 de 12
Estadísticas de respuestas
Respuesta % Correcto
SIC
94%
Belgrano
89%
La Plata
89%
Alumni
83%
CASI
83%
Hindú
83%
Newman
83%
San Luis
83%
CUBA
78%
Pucará
78%
Regatas
72%
Atletico de Rosario
61%
No se encontraron pruebas coincidentes
Distribución de puntuación
Porcentaje de gente con cada puntuación
Porcentaje por número respondido
Historial de tus puntuaciones
No has intentado esta prueba.